000 00347cam a2200145ua 4500
041 _aeng
_h
082 _a824
_bHUX/GR
100 _aHuxley, Aldous .
245 _aGrey eminence /
_cAldous Huxley.
_hTextual Documents
260 _aLondon :
_bChatto and Windus ,
_c1956.
300 _a330 ; .
504 _a
942 _cBK
999 _c8887
_d8887